000 00720nam a22002297a 4500
008 150521b xxu||||| |||| 00| 0 eng d
020 _a9780071639194 (alk. paper)
020 _a0071639195 (alk. paper)
020 _a9780071639200
020 _a9780071639200
041 0 _aeng
080 _a004.41
100 1 _aLairson, Michael D.
245 1 0 _aOracle CRM on demand dashboards
_cMichael D. Lairson ; technical editor, Jeffrey Hunt.
260 _aNew York :
_bMcGraw-Hill,
_cc2011
300 _a184 f.:
_bme il.;
_c25 cm.
650 0 _aKompjuterët
650 0 _aMenaxhimi i Sistemeve të Informacionit
650 0 _aKrijimi i Web faqeve
700 1 _aHunt, Jeffrey.
942 _2udc
_cBK
999 _c890
_d890